000 00644nam a2200181Ia 4500
008 090124s9999 xx 000 0 und d
082 _b26384
_a1566
100 _aकाळे व.पु. (वसंत पुरुषोत्तम)
245 _a प्लेझर बॉंक्स
250 _a1
260 _c1991
300 _a180
600 _aकाळे व.पु. (वसंत पुरुषोत्तम)
630 _a प्लेझर बॉंक्स
700 _aकाळे व.पु. (वसंत पुरुषोत्तम)
730 _a प्लेझर बॉंक्स
942 _cBOOK
999 _c139857
_d139857